Dopad decentralizácie verejnej správy na demografickú štruktúru sídiel v SR

Regionálne rozdiely na území Slovenska. Zmena sídelnej štruktúry po roku 1990. Demografické problémy v sídelnej štruktúre Banskobystrického kraja. Decentralizácia verejnej správy - ďalšie možnosti pre obyvateľstvo v regiónoch, mestách a dedinách.

Guardado en:
Detalles Bibliográficos
Autor principal: Vlčková, Viera
Formato: Capítulo de libro
Lenguaje:eslovaco
Materias:
Etiquetas: Agregar Etiqueta
Sin Etiquetas, Sea el primero en etiquetar este registro!

MARC

LEADER 00000naa$a2200000$$$4500
001 0046240
005 20240502071533.9
041 0 |a slo 
044 |a SK 
245 1 0 |a Dopad decentralizácie verejnej správy na demografickú štruktúru sídiel v SR  |c Viera Vlčková 
520 |a Regionálne rozdiely na území Slovenska. Zmena sídelnej štruktúry po roku 1990. Demografické problémy v sídelnej štruktúre Banskobystrického kraja. Decentralizácia verejnej správy - ďalšie možnosti pre obyvateľstvo v regiónoch, mestách a dedinách. 
610 2 0 |a správa verejná 
610 2 0 |a decentralizácia 
610 2 0 |a demografia 
610 2 0 |a obce 
610 2 0 |a Slovensko 
100 1 |a Vlčková, Viera